LEADER 02439nam a22004935a 4500
001 CEM.cems014345
008 130507s2013##################000#0#####d
005 20260519184550.0
245 0 0 |a Latinoamérica en voz :  |b cuentos y leyendas 1 /  |c Ilustraciones de Pablo Cabrera 
260 |a Buenos Aires :  |b Abran cancha,  |c 2013 
300 |a 64 p. + CD-ROM 
490 0 |a Colección oído leído 
500 |a Incluye un Cd con narraciones orales 
505 0 |a El diablo embotellado, cuento popular mexicano / versión y narración de Beatriz Falero -- El otro sol, leyenda del noroeste argentino / versión de Olga Drennen, narración de Juana La Rosa -- De cómo el Hermano Araña probó que el Hermano Tigre era su caballito de trote, cuento popular costarricense / versión y narración de Moisés Mendelewicz -- El origen de los mosquitos, leyenda colombiana / versión y narración de Hanna Cuenca -- El mono de Angola, cuentro popular peruano / versión y narración de Cucha del Aguila -- El espíritu de María, leyenda chilena / versión y narración de Juan Patricio Romero Plaza -- Doña Engracia, cuento popular venezolano / versión y narración de Ana Ximena Hidalgo Castellanos 
020 |a 9789871865246 
700 1 |a Cabrera, Pablo, il. 
700 1 |a Falero, Beatriz; adapt. 
700 1 |a Drennen, Olga; adapt. 
700 1 |a La Rosa, Juana; adapt. 
700 1 |a Mendelewicz, Moisés; adapt. 
700 1 |a Cuenca, Hanna; adapt. 
700 1 |a Aguila, Cucha del; adapt. 
700 1 |a Romero Plaza, Juan Patricio; adapt. 
700 1 |a Hidalgo Castellanos, Ana Ximena; adapt. 
082 0 4 |a 398.2 
653 |a Literatura 
653 |a Antología 
653 |a Cuentos 
653 |a Leyendas 
653 |a Cuento popular 
653 |a Cuentos populares mexicanos 
653 |a Leyendas noroeste argentino 
653 |a Cuentos populares contarricenses 
653 |a Leyendas colombianas 
653 |a Cuentos populares peruanos 
653 |a Leyendas chilenas 
653 |a Cuentos populares venezolanos 
653 |a Literatura juvenil 
653 |a Literatura latinoaméricana 
653 |a América latina-tradición oral 
653 |a Ministerio de educación-colección literaria 
859 |a CEMS  |b BIB. CEMS - 11 de abril  |h 398.2  |i L349  |p 26929.14  |t Ej.1 
859 |a CEMS  |b BIB. CEMS - Agricultura  |h 398.2  |i L349  |p A2085.14  |t Ej.1 
859 |a CEMS  |b BIB. CEMS - 11 de abril  |h 398.2  |i L349  |p 27702.19  |t Ej.2